| 000 | 02203cam a22005654i 4500 | ||
|---|---|---|---|
| 003 | PE-LiUPU | ||
| 005 | 20250731173426.0 | ||
| 008 | 150706s r 000 0 d | ||
| 020 | _a9780829761993 | ||
| 035 | _a(Sirsi) i9780829761993 | ||
| 040 |
_aPE-LiUPU _bspa _cPE-LiUPU _erda |
||
| 049 | _aPRUA | ||
| 082 | 0 | 4 |
_a261.8 _bS82 _221 |
| 100 | 1 |
_aStott, John, _eautor. |
|
| 245 | 1 | 0 |
_aOportunidades y retos sociales / _cJohn Stott ; revisado y actualizado por Roy McCloughry ; traducido por Esperanza y Roberto Simons ; Edición por Elizabeth Fraguela M. y Wendy Bello. |
| 264 | 1 |
_aMiami : _bVida, _c2011. |
|
| 300 |
_a207 páginas ; _c18 cm. |
||
| 336 |
_atext _2rdacontent |
||
| 337 |
_aunmediated _2rdamedia |
||
| 338 |
_avolume _2rdacarrier |
||
| 490 | 0 |
_aGrandes oportunidades y retos que el cristianismo enfrenta hoy ; _v3 |
|
| 500 | _aPublicado anteriormente bajo el título: Los problemas que los cristianos enfrentamos hoy. | ||
| 505 | 0 | _aEl mundo del trabajo -- Relaciones en los negocios -- Festejar la diversidad étnica -- Sencillez, generosidad y satisfacción -- Un llamado para el liderazgo cristiano. | |
| 526 | _aSEG42 | ||
| 526 | _aSEG41 | ||
| 526 | _aSEG40 | ||
| 526 | _aSEG39 | ||
| 526 | _aP94 | ||
| 526 | _aP87 | ||
| 526 | _aP86 | ||
| 526 | _aP85 | ||
| 526 | _aP77 | ||
| 526 | _aP76 | ||
| 526 | _aP35 | ||
| 541 | _g001-0000612; | ||
| 650 | 0 | 4 |
_aSociología cristiana. _92335 |
| 650 | 0 | 4 | _aIglesia y problemas sociales. |
| 650 | 0 | 4 |
_aEvangelismo. _9953 |
| 650 | 0 | 4 | _aVida cristiana. |
| 700 | 1 |
_aSimons, Esperanza, _etr. |
|
| 700 | 1 |
_aSimons, Roberto, _etr. |
|
| 700 | 1 |
_aFraguela M., Elizabeth, _eed. |
|
| 700 | 1 |
_aBello, Wendy, _eed. |
|
| 910 |
_agl _bjv _cjck _d20121126 |
||
| 942 |
_2ddc _cBOOK |
||
| 949 |
_a261.8 S82 3 _wDEWEY _c1 _i65766 _lCCODEBUL1 _mBUL _p23.00 _r0 _sY _tBOOK _u2015-7-6 _xTEOLOGIA _PP35 _o.STAFF. Colección General |
||
| 994 |
_aC0 _bPEPRU |
||
| 596 | _a1 | ||
| 999 |
_a261.8 S82 3 _wDEWEY _c54179 _i65766 _f2021-11-10 _g5 _lCCODEBUL1 _mBUL _p23.00 _r0 _sY _tBOOK _u2015-7-6 _xTEOLOGIA _PP35 _0COMPRA _o.STAFF. Colección General _d54179 |
||
| 980 |
_81 _gALBERTO SANCHEZ Responsable de Automatización |
||